000 00989nam0a2200301 4500
001 RU\NLR\bibl\1429013
005 20260405192313.0
010 _a978-5-17-061612-1
_bАСТ
010 _a978-5-271-24985-3
_bАстрель
021 _aRU
_b2009-68994
_94270
035 _a(NLR Aleph) 001420931
090 _a1342197
_c1342197
100 _a20090820d2009 |||y0rusy50 ca
101 0 _arus
102 _aRU
105 _aa |||||||||
200 1 _aCasual. Повседневное
_e[роман]
_fОксана Робски
210 _aМосква
_cАстрель
_cАСТ
_d2009
215 _a317, [2] с.
_cил.
_d21
517 0 _aПовседневное
686 _aШ5(2=Р)75-644
_2rubbk
700 1 _4070
_7ca
_8rus
_aРобски
_bО. В.
_f1968-
_gОксана Викторовна
_967138
_3RU\NLR\auth\7784210
801 0 _aRU
_bРКП
_c20090820
_grcr
801 1 _aRU
_bРГБ
_c20090820
801 2 _aRU
_bNLR
_c20091022
_grcr
942 _cBOOK
980 _aNB